00442nam a2200097Ia 45000010005000000080041000050820030000461000162000762450082002382600024003204326241024s9999 xx 000 0 und d aRD/375.97293/R426m/2013/P aRepública Dominicana. Ministerio de Educación. Viceministerio de Servicios Técnicos y Pedagógicos. Proceso de Revisión y Actualización Curricular 0aModelo Pedagógico. Nivel Primario (1ero., 2do. y 3ro.) Versión Preliminar bSanto Domingoc2013